<?xml version="1.0" encoding="UTF-8"?><?xml-stylesheet type="text/xsl" href="static/style.xsl"?><OAI-PMH xmlns="http://www.openarchives.org/OAI/2.0/" xmlns:xsi="http://www.w3.org/2001/XMLSchema-instance" xsi:schemaLocation="http://www.openarchives.org/OAI/2.0/ http://www.openarchives.org/OAI/2.0/OAI-PMH.xsd"><responseDate>2026-04-14T06:05:44Z</responseDate><request verb="GetRecord" identifier="oai:www.recercat.cat:2445/179304" metadataPrefix="marc">https://recercat.cat/oai/request</request><GetRecord><record><header><identifier>oai:recercat.cat:2445/179304</identifier><datestamp>2025-12-05T09:40:49Z</datestamp><setSpec>com_2072_1057</setSpec><setSpec>col_2072_478778</setSpec><setSpec>col_2072_478917</setSpec></header><metadata><record xmlns="http://www.loc.gov/MARC21/slim" xmlns:dcterms="http://purl.org/dc/terms/" xmlns:xsi="http://www.w3.org/2001/XMLSchema-instance" xmlns:doc="http://www.lyncode.com/xoai" xsi:schemaLocation="http://www.loc.gov/MARC21/slim http://www.loc.gov/standards/marcxml/schema/MARC21slim.xsd">
   <leader>00925njm 22002777a 4500</leader>
   <datafield ind2=" " ind1=" " tag="042">
      <subfield code="a">dc</subfield>
   </datafield>
   <datafield ind2=" " ind1=" " tag="720">
      <subfield code="a">Munné Bosch, Sergi</subfield>
      <subfield code="e">author</subfield>
   </datafield>
   <datafield ind2=" " ind1=" " tag="720">
      <subfield code="a">Müller, Maren</subfield>
      <subfield code="e">author</subfield>
   </datafield>
   <datafield ind2=" " ind1=" " tag="260">
      <subfield code="c">2021-07-22T11:52:02Z</subfield>
   </datafield>
   <datafield ind2=" " ind1=" " tag="260">
      <subfield code="c">2021-07-22T11:52:02Z</subfield>
   </datafield>
   <datafield ind2=" " ind1=" " tag="260">
      <subfield code="c">2013</subfield>
   </datafield>
   <datafield ind2=" " ind1=" " tag="260">
      <subfield code="c">2021-07-22T11:52:02Z</subfield>
   </datafield>
   <datafield ind2=" " ind1=" " tag="520">
      <subfield code="a">In contrast to animals, plants can continuously cease and resumegrowth. This flexibility in their architecture and growth patterns ispartly achieved by the action of plant hormones. Plant hormonesare structurally diverse compounds that act usually at nanomolarconcentrations and include five groups of the so-called "clas-sic" hormones, namely auxins, cytokinins, gibberellins, abscisicacid, and ethylene. Jasmonates, salicylates, strigolactones, brassi-nosteroids, polyamines, and some peptides were recognized asnew families of plant hormones. Hormones build a signalingnetwork and mutually regulate several signaling and metabolicsystems, which are essential both for plant development and plantresponses to biotic and abiotic stresses. Although earlier workgreatly advanced our knowledge of how hormones affect plantgrowth and development and stress responses focusing on a singlecompound, it is now evident that physiological processes are reg-ulated in a complex way by the cross-talk of several hormones.In this Research Topic, we aim at collecting a comprehensiveset of original research and review papers focused on hormonalcrosstalk in plants.</subfield>
   </datafield>
   <datafield tag="653" ind2=" " ind1=" ">
      <subfield code="a">Efecte de l'estrès sobre les plantes</subfield>
   </datafield>
   <datafield tag="653" ind2=" " ind1=" ">
      <subfield code="a">Effect of stress on plants</subfield>
   </datafield>
   <datafield ind2="0" ind1="0" tag="245">
      <subfield code="a">Hormonal cross-talk in plant development and stress responses</subfield>
   </datafield>
</record></metadata></record></GetRecord></OAI-PMH>